[Event "Chesterfield SPICE Cup op"]
[Site "Chesterfield"]
[Date "2023.12.18"]
[Round "3"]
[White "Quesada Perez, Yasser"]
[Black "Lee, Alice"]
[Result "1-0"]
[WhiteElo "2578"]
[BlackElo "2380"]
[PlyCount "97"]
[EventDate "2023.12.17"]
[EventType "swiss"]
[EventRounds "9"]
[EventCountry "USA"]
[SourceTitle "CB52_2023"]
[SourceDate "2023.12.27"]
[SourceVersion "1"]
[SourceVersionDate "2023.12.27"]
[SourceQuality "1"]

1. e4 e5 2. Nf3 Nf6 3. d4 Nxe4 4. Bd3 d5 5. Nxe5 Nd7 6. Nc3 Nxc3 7. bxc3 Nxe5 8. dxe5 Bc5 9. Qh5 Qd7 10. h3 Qe6 11. 0-0 Bd7 12. Bg5 g6 13. Qh4 Be7 14. Bf6 Bxf6 15. exf6 0-0-0 16. Rae1 Qc6 17. Re7 Rhf8 18. Qd4 Qb6 19. Rfe1 Qxd4 20. cxd4 Be6 21. g4 Rd6 22. Kg2 Rb6 23. Kg3 Kd8 24. f4 Bd7 25. g5 Rb2 26. a3 Ba4 27. R1e5 Bc6 28. h4 Ra2 29. f5 Rxa3 30. h5 gxh5 31. Re1 Bb5 32. R1e5 Bc6 33. Kh4 Ra4 34. c3 Ra3 35. Be2 Rxc3 36. Bxh5 Be8 37. Rxd5+ Kc8 38. Rde5 Kd8 39. Rxe8+ Rxe8 40. Bxf7 Rh8 41. Bh5 Rc1 42. f7 Rh1+ 43. Kg4 Rg1+ 44. Kf4 Rf1+ 45. Kg3 Rg1+ 46. Kf2 Rxg5 47. Re8+ Kd7 48. Rxh8 Rxf5+ 49. Ke3 1-0

[Event "FIDE Grand Swiss (Women)"]
[Site "Douglas"]
[Date "2023.10.26"]
[Round "2"]
[White "Lee, Alice"]
[Black "Shuvalova, Polina"]
[Result "0-1"]
[WhiteElo "2388"]
[BlackElo "2506"]
[PlyCount "146"]
[EventDate "2023.10.25"]
[EventType "swiss"]
[EventRounds "11"]
[EventCountry "IOM"]
[SourceTitle "Mega2024 Update 01"]
[Source "Chessbase"]
[SourceDate "2023.11.12"]
[SourceVersion "1"]
[SourceVersionDate "2023.11.12"]
[SourceQuality "1"]

1. d4 Nf6 2. c4 e6 3. Nf3 d5 4. g3 dxc4 5. Bg2 a6 6. Ne5 Bb4+ 7. Nc3 Nd5 8. 0-0 0-0 9. Ne4 b5 10. b3 cxb3 11. axb3 Bb7 12. Nd3 Bc3 13. Bb2 Bxb2 14. Nxb2 Bc6 15. Nd3 Nf6 16. Nxf6+ Qxf6 17. e3 Bxg2 18. Kxg2 Nd7 19. Qg4 a5 20. Rfc1 Ra7 21. Nc5 Nb6 22. Qe2 b4 23. Na6 Nd5 24. Rxa5 Rfa8 25. Rc6 Qd8 26. Qb5 g6 27. e4 Nc3 28. Qxb4 Nxe4 29. Qc4 Nd6 30. Qc3 Nf5 31. Qa1 Nxd4 32. Rc3 c5 33. b4 Qd5+ 34. Kh3 Nb3 35. Rxb3 Qxb3 36. Nxc5 Rxa5 37. bxa5 Qb5 38. Qd4 Qxa5 39. Nd7 Qa1 40. Nf6+ Kh8 41. Qf4 Kg7 42. Ng4 Ra5 43. Kg2 h5 44. Ne3 Qe5 45. Qc4 Rc5 46. Qb4 Rb5 47. Qc4 Rb2 48. Qd3 Qf6 49. Nd1 Ra2 50. h4 e5 51. Qe3 Rc2 52. Qe1 Qc6+ 53. Kh2 Qd6 54. Ne3 Ra2 55. Kg2 Qd2 56. Qxd2 Rxd2 57. Nc4 Rd5 58. Kf3 f5 59. Ke3 Kf6 60. Nb6 Rd8 61. Nc4 Rc8 62. Nb6 Rc3+ 63. Kd2 Ra3 64. Nd7+ Ke6 65. Nf8+ Kf7 66. Nh7 f4 67. Ng5+ Kf6 68. gxf4 exf4 69. Ke2 Kf5 70. f3 Ra2+ 71. Kf1 Rh2 72. Ne4 Rxh4 73. Kg2 g5 0-1

[Event "WchT (Women) Pool-B"]
[Site "Bydgoszcz"]
[Date "2023.09.06"]
[Round "2.3"]
[White "Stefanova, Antoaneta"]
[Black "Lee, Alice"]
[Result "0-1"]
[WhiteElo "2410"]
[BlackElo "2388"]
[PlyCount "108"]
[EventDate "2023.09.06"]
[EventType "team (rapid)"]
[EventRounds "5"]
[EventCountry "POL"]
[SourceTitle "EXT 2024"]
[Source "ChessBase"]
[SourceDate "2023.10.10"]
[SourceVersion "1"]
[SourceVersionDate "2023.10.10"]
[SourceQuality "1"]
[WhiteTeam "Bulgaria (W)"]
[BlackTeam "United States (W)"]
[WhiteTeamCountry "BUL"]
[BlackTeamCountry "USA"]

1. Nf3 d5 2. g3 c6 3. Bg2 Nf6 4. 0-0 Bg4 5. d3 e6 6. Qe1 Be7 7. h3 Bxf3 8. exf3 0-0 9. f4 c5 10. c4 Nc6 11. Nc3 Re8 12. b3 Nd4 13. Qd1 Qd7 14. g4 dxc4 15. bxc4 Red8 16. Rb1 Rab8 17. Be3 Nc6 18. Qa4 Qxd3 19. Bxc6 bxc6 20. Rxb8 Rxb8 21. Qxa7 Re8 22. Na4 Qxc4 23. Nxc5 Nd5 24. Rc1 Qe2 25. Qa6 Qxa6 26. Nxa6 Rc8 27. Nc5 h6 28. a4 Ra8 29. Nd3 Rxa4 30. Rxc6 Bf6 31. Kf1 Kh7 32. Ke2 Ra2+ 33. Kf3 Ra3 34. Ne5 Bxe5 35. fxe5 Kg6 36. Rc5 h5 37. gxh5+ Kf5 38. Rc8 Kxe5 39. h6 gxh6 40. Rh8 f5 41. Ke2 Nxe3 42. fxe3 Ke4 43. Rxh6 Rxe3+ 44. Kf2 e5 45. h4 f4 46. h5 Ra3 47. Rf6 Ra2+ 48. Kg1 Kf3 49. h6 Rg2+ 50. Kh1 Rg5 51. Kh2 e4 52. Ra6 e3 53. Re6 e2 54. Kh1 Kf2 0-1

[Event "New York Summer 1000 GM GM-A"]
[Site "New York"]
[Date "2023.07.07"]
[Round "3"]
[White "Lu, Maximillian"]
[Black "Lee, Alice"]
[Result "1/2-1/2"]
[WhiteElo "2394"]
[BlackElo "2393"]
[PlyCount "132"]
[EventDate "2023.07.06"]
[EventType "tourn"]
[EventRounds "9"]
[EventCountry "USA"]
[EventCategory "8"]
[SourceTitle "CBM 215 Extra"]
[Source "ChessBase"]
[SourceDate "2023.09.30"]
[SourceVersion "1"]
[SourceVersionDate "2023.09.30"]
[SourceQuality "1"]

1. c4 c6 2. Nf3 d5 3. e3 Nf6 4. Nc3 Nbd7 5. Qc2 e5 6. cxd5 Nxd5 7. Bc4 Nb4 8. Qb1 Bd6 9. a3 Na6 10. b4 Nc7 11. Ne4 Nb6 12. Bd3 Bg4 13. Nxd6+ Qxd6 14. Ng5 Qe7 15. Ne4 Bf5 16. a4 Bg6 17. Ba3 Bxe4 18. Bxe4 Nc4 19. Bc1 Rd8 20. b5 cxb5 21. axb5 Nd6 22. Rxa7 Nxe4 23. Qxe4 Qc5 24. Ra1 Qd5 25. Qxd5 Rxd5 26. b6 Na6 27. Bb2 Kd7 28. Ke2 Kc6 29. Rab1 f6 30. Rhc1+ Kd7 31. f3 Re8 32. Ba3 Re6 33. Bf8 g6 34. g4 Re8 35. Ba3 Re6 36. Bf8 Re8 37. Ba3 Re6 38. h4 Rc6 39. Rxc6 Kxc6 40. Be7 f5 41. gxf5 gxf5 42. e4 fxe4 43. fxe4 Rd7 44. Ba3 Rf7 45. d3 Nb8 46. Bc1 Kd6 47. Be3 Nc6 48. Rg1 Nd8 49. Ra1 Ne6 50. Ra5 Nf4+ 51. Kd2 Ng2 52. Rd5+ Ke6 53. Bg5 h6 54. Bxh6 Nxh4 55. Kc3 Nf3 56. Be3 Rd7 57. Rc5 Ne1 58. d4 exd4+ 59. Bxd4 Nf3 60. Be3 Ne5 61. Bd4 Nf3 62. Bh8 Rh7 63. Rc8 Ng5 64. Kd3 Rh3+ 65. Kd4 Rh4 66. Rb8 Nxe4 1/2-1/2

[Event "New York Summer 1000 GM GM-A"]
[Site "New York"]
[Date "2023.07.06"]
[Round "1"]
[White "Ostrovskiy, Aleksandr A"]
[Black "Lee, Alice"]
[Result "1/2-1/2"]
[WhiteElo "2356"]
[BlackElo "2393"]
[PlyCount "62"]
[EventDate "2023.07.06"]
[EventType "tourn"]
[EventRounds "9"]
[EventCountry "USA"]
[EventCategory "8"]
[SourceTitle "CBM 215 Extra"]
[Source "ChessBase"]
[SourceDate "2023.09.30"]
[SourceVersion "1"]
[SourceVersionDate "2023.09.30"]
[SourceQuality "1"]

1. c4 c6 2. Nf3 d5 3. d4 Nf6 4. g3 Bf5 5. Nc3 e6 6. Nh4 Be4 7. f3 Bg6 8. Qb3 Qb6 9. c5 Qxb3 10. axb3 Nbd7 11. b4 a6 12. b5 cxb5 13. Nxb5 Rc8 14. Nc3 Nb8 15. e3 Nc6 16. Nxg6 hxg6 17. f4 Be7 18. h4 Bd8 19. Bd2 Ba5 20. Bd3 Bb4 21. Ke2 Ng4 22. Ra4 f5 23. Nb1 Bxd2 24. Nxd2 Nf6 25. b4 Ne4 26. Bxe4 fxe4 27. Nb1 Na7 28. Nc3 Kd7 29. Rb1 Nb5 30. Nxb5 axb5 31. Ra5 Kc6 1/2-1/2